Vista normal
Vista MARC
Entrada Materia (personas)
Número de registros utilizados en: 1
001 - CONTROL NUMBER
- control field: 65839
003 - CONTROL NUMBER IDENTIFIER
- control field: Co-BoUCM
005 - DATE AND TIME OF LATEST TRANSACTION
- control field: 20141112141223.0
008 - FIXED-LENGTH DATA ELEMENTS
- fixed length control field: 141112|| aca||aabn | a|a d
040 ## - CATALOGING SOURCE
- Original cataloging agency: Co-BoUCM
- Transcribing agency: Co-BoUCM
100 ## - HEADING--PERSONAL NAME
- Personal name: Cancik, Hubert
670 ## - SOURCE DATA FOUND
- Source citation: Work cat.: (Co-BoUCM)296978: Cancik, Hubert , Der neue Pauly: Enzyklopädie der Antike, 1999